000 00507nam a2200193Ia 4500
001 61732
008 141120s9999 xx 000 0 und d
020 _a9780849337598
040 _cPK-LaUMT
082 _a 610.28
_bSMA-
100 _aKnopf, George K.
245 _aSmart biosensor technology
_cKnopf, George K.|Bassi, Amarjeet S.
260 _aBoca Raton,USA:
_bCRC Press,
_c2007
300 _a636 p.
546 _aEN
650 _aBiosensors-materials
700 _aBassi, Amarjeet S.
942 _cBK
999 _c62175
_d62175